00727nam a2200217Ia 4500003000900000008004100009020002200050040001600072080001600088100002400104245007100128250001200199260005600211300001400267650002200281650002400303700002600327942000700353999001700360952013200377IN-BaIIA211028s9999 xx 000 0 eng d a978-1-4214-0096-9 cIIA Library a523.07bPLA aPlaxco, K. W935900 0aAstrobiologyba brief introductioncK. W. Plaxco and Michael Gross a2nd ed. aBaltimorebThe Johns Hopkins University Pressc2011 axi, 330p. aExobiology920584 aLife-origine935901 aGross, Michael935902 cBK c18762d18762 00104070aBANbBANcGENd2013-07-09eEDS g1802.00l0o523.07/ PLAp19684r2021-11-05v1802.00w2013-07-09yBKGRs. 1802.00